Pokemon Letter "F" for each type - Statistics

General Stats
  • This quiz has been taken 10 times
  • The average score is 11 of 16
Answer Stats
Type Pokémon % Correct
Normal Farfetch'd|Farigiraf|Fearow|Fletchling|Furfrou|Furret
100%
Flying Farfetch'd|Fearow|Flamigo|Fletchinder|Fletchling
88%
Fire Fennekin|Flareon|Fletchinder|Fuecoco
88%
Fighting Falinks|Flamigo
75%
Psychic Farigiraf|Flittle
75%
Water Feebas|Feraligatr|Finizen|Finneon|Floatzel|Frillish|Froakie|Frogadier
75%
Grass Ferroseed|Ferrothorn|Flapple|Floragato|Fomantis|Foongus
63%
Steel Ferroseed|Ferrothorn|Forretress
63%
Fairy Fezandipiti|Fidough|Flabebe|Floette|Florges|Flutter Mane
63%
Dragon Flapple|Flygon|Fraxure|Frigibax
63%
Ghost Flutter Mane|Frillish|Froslass
63%
Ice Frigibax|Froslass|Frosmoth
63%
Poison Fezandipiti|Foongus
50%
Ground Flygon
50%
Bug Forretress|Frosmoth
50%
Electric Flaaffy
25%
No matching quizzes found
Score Distribution
Percent of People with Each Score
Percentile by Number Answered
Your Score History
You have not taken this quiz